Las manos sucias : Kean /

Bibliographic Details
Main Author: Sartre, Jean Paul 1905-1980
Other Authors: Bernárdez, Aurora (trad.)
Format: Libro
Language:Spanish
Published: Buenos Aires Losada 2002
Edition:8a. ed.
Series:Biblioteca clásica y contemporánea
Subjects:

MARC

LEADER 00000cam a2200000 a 4500
001 021322
003 UAHC_CL
005 20170803121958.0
008 090826s2002 ag 000 d spa
020 |z 9500302857 
040 |a UAHC_CL  |c UAHC_CL  |d UAHC_CL 
082 0 4 |a 842  |b S251  |2 20 
100 1 |a Sartre, Jean Paul  |d 1905-1980 
245 1 4 |a Las manos sucias :  |b Kean /  |c Jean-Paul Sartre ; traducción de Aurora Bernárdez. 
246 2 |a Kean 
250 |a 8a. ed. 
260 |b Losada  |a Buenos Aires  |c 2002 
300 |a 214 p. 
490 0 |a Biblioteca clásica y contemporánea 
650 4 |a DRAMA FRANCES 
700 1 |a Bernárdez, Aurora  |e trad. 
900 |a 842 SARM 
942 |c BK 
952 |0 0  |1 0  |4 0  |6 842_000000000000000_SARM  |7 0  |8 General  |9 42394  |a BC  |b BC  |c General  |d 2017-08-03  |l 0  |o 842 SARM  |p 1373735  |r 2025-11-26 00:00:00  |t 1  |w 2017-08-03  |y BK 
999 |c 21322  |d 21322